Sports Quiz

Random Sports or Football Quiz

Heisman Finishers Quiz Stats

 Plays Quiz Updated Dec 8, 2018

Score 0/84 Timer 07:00
1 Play Today
Year Name % Correct
2007Tim Tebow
95.4%
2008Tim Tebow
95.4%
2005Reggie Bush
91.7%
2008Colt McCoy
90.8%
2008Sam Bradford
89.3%
2011Andrew Luck
87.4%
2011Robert Griffin III
87.2%
2006Troy Smith
86.8%
2012Johnny Manziel
86.8%
2004Matt Leinart
86.8%
2005Matt Leinart
86.8%
2005Vince Young
86.6%
2013Johnny Manziel
86.2%
2004Alex Smith
86.1%
2013Jameis Winston
85%
2002Carson Palmer
83.8%
2017Baker Mayfield
83%
2017Lamar Jackson
82.7%
2014Marcus Mariota
82.4%
2006Darren McFadden
80.9%
2007Darren McFadden
80.9%
2005Brady Quinn
80.8%
2006Brady Quinn
80.8%
2016Lamar Jackson
79.7%
2004Adrian Peterson
78.7%
2018Kyler Murray
78.7%
2016Deshaun Watson
77.2%
2003Larry Fitzgerald
76.4%
Year Name % Correct
2012Manti Te'o
75%
2016Baker Mayfield
73.5%
2000LaDainian Tomlinson
73.4%
2003Eli Manning
73.4%
2003Jason White
72.9%
2004Jason White
72.9%
2015Deshaun Watson
72.3%
2000Drew Brees
72.2%
2017Saquon Barkley
71.5%
2015Derrick Henry
68.1%
2011Trent Richardson
67.4%
2015Baker Mayfield
65.3%
2007Colt Brennan
64.2%
2006Steve Slaton
64.1%
2000Chris Weinke
63.3%
2007Chase Daniel
62.4%
2018Dwayne Haskins
62.2%
2002Larry Johnson
61.9%
2009Colt McCoy
61.5%
2001Eric Crouch
60.4%
2017Bryce Love
60%
2011Montee Ball
59.3%
2002Willis McGahee
57.8%
2009Ndamukong Suh
57.2%
2013AJ McCarron
56.7%
2015Christian McCaffrey
56.7%
2014Amari Cooper
56.6%
2009Mark Ingram
55.9%
Year Name % Correct
2011Tyrann Mathieu
55.4%
2012Braxton Miller
55.3%
2014Melvin Gordon
54.5%
2008Graham Harrell
54%
2018Will Grier
53.6%
2013Andre Williams
51%
2014J.T. Barrett
50.5%
2001Joey Harrington
50.3%
2016Jabrill Peppers
48.4%
2001Ken Dorsey
48.2%
2018Tua Tagovailoa
46.6%
2009Toby Gerhart
45.7%
2001Rex Grossman
43.5%
2012Marqise Lee
40.9%
2012Collin Klein
39.6%
2016Dede Westbrook
36.9%
2014Trevone Boykin
36.8%
2010Cameron Newton
36.3%
2013Jordan Lynch
36.2%
2010Andrew Luck
35.6%
2017Rashaad Penny
33.3%
2018Gardner Minshew
32%
2002Brad Banks
26.4%
2000Josh Heupel
26.3%
2015Keenan Reynolds
26.2%
2003Chris Perry
25.8%
2010LaMichael James
25.7%
2010Kellen Moore
22.5%

You're not logged in!

Compare scores with friends on all Sporcle quizzes.
OR
Log In

Sporcle TV

Today on Sporcle TV


Watch our educational content, quiz creation guides, and fun videos on Sporcle TV.

Show Comments

Extras

Top Quizzes Today


Score Distribution

Your Account Isn't Verified!

In order to create a playlist on Sporcle, you need to verify the email address you used during registration. Go to your Sporcle Settings to finish the process.

Report this User

Report this user for behavior that violates our Community Guidelines.

Details: